|
|
|
|
| LEADER |
00000nam0a2200000 4500 |
| 001 |
156470 |
| 005 |
20231101221914.0 |
| 010 |
|
|
|a 5982982237
|
| 035 |
|
|
|a (RuTPU)RU\TPU\book\169711
|
| 090 |
|
|
|a 156470
|
| 100 |
|
|
|a 20090327d2008 m y0rusy50 ca
|
| 101 |
0 |
|
|a rus
|
| 102 |
|
|
|a RU
|
| 105 |
|
|
|a a j 001zy
|
| 200 |
1 |
|
|a Расчет и конструирование электроизоляционных систем и электротехнических изделий
|e методические указания
|f В. И. Меркулов
|g Томский политехнический университет (ТПУ)
|
| 210 |
|
|
|a Томск
|c Изд-во ТПУ
|d 2008
|
| 215 |
|
|
|a 89 с.
|c ил.
|
| 320 |
|
|
|a Библиография в конце лабораторных работ.
|
| 452 |
|
1 |
|0 (RuTPU)RU\TPU\book\204704
|t Расчет и конструирование электроизоляционных систем и электротехнических изделий
|o методические указания
|f В. И. Меркулов
|g Томский политехнический университет (ТПУ)
|c Томск
|n Изд-во ТПУ
|d 2008
|a Меркулов, Валерий Иванович
|
| 606 |
1 |
|
|a Электроизоляция
|x Конструкция и расчет
|2 stltpush
|3 (RuTPU)RU\TPU\subj\20087
|9 45228
|
| 610 |
1 |
|
|a электроизоляционные конструкции
|
| 610 |
1 |
|
|a электрическое поле
|
| 610 |
1 |
|
|a метод конформных отображений
|
| 610 |
1 |
|
|a изоляция
|
| 610 |
1 |
|
|a градирование
|
| 610 |
1 |
|
|a метод выравнивания
|
| 610 |
1 |
|
|a слоистая изоляция
|
| 610 |
1 |
|
|a поверхностные перекрытия
|
| 610 |
1 |
|
|a электроизоляционные материалы
|
| 610 |
1 |
|
|a трекингостойкость
|
| 610 |
1 |
|
|a надежность
|
| 610 |
1 |
|
|a лабораторные работы
|
| 610 |
1 |
|
|a учебные пособия
|
| 610 |
1 |
|
|a труды учёных ТПУ
|
| 610 |
1 |
|
|a электротехника
|
| 610 |
1 |
|
|a электромеханика
|
| 610 |
1 |
|
|a электротехнологии
|
| 610 |
1 |
|
|a кабели
|
| 675 |
|
|
|a 621.315.61(076.5)
|v 3
|
| 700 |
|
1 |
|a Меркулов
|b В. И.
|g Валерий Иванович
|
| 712 |
0 |
2 |
|a Томский политехнический университет (ТПУ)
|c (1991- )
|2 stltpush
|3 (RuTPU)RU\TPU\col\376
|
| 801 |
|
1 |
|a RU
|b 63413507
|c 20090327
|g PSBO
|
| 801 |
|
2 |
|a RU
|b 63413507
|c 20201014
|g PSBO
|
| 900 |
|
|
|a Расчет и конструирование электроизоляционных систем и электротехнических изделий
|
| 900 |
|
|
|a Расчет и конструирование электрической изоляции
|
| 900 |
|
|
|a Основы конденсаторной техники
|
| 900 |
|
|
|a Основы конденсаторостроения
|
| 942 |
|
|
|c BK
|